| 000 | 01331nam0a22002891 4500 | ||
|---|---|---|---|
| 001 | v19\rc\2035162 | ||
| 005 | 20251118181546.7 | ||
| 035 | _a(NLR Aleph) 005113595 | ||
| 090 |
_a7519453 _c7519453 |
||
| 100 | _a20080925d1917 u y0rusy50 ca | ||
| 101 | 0 | _arus | |
| 102 | _aRU | ||
| 105 | _ay c ||||| | ||
| 200 | 1 |
_aПостановление Временного правительства о волостном земском управлении _e(Утв. Врем. прав. 21 мая 1917 г. Вестн. Врем. прав. № 62 (108) от 25 мая 1917 г.) _eТекст закона с примеч. сост. и прил. указ. _f[Сост.] П.Ф. Заверуха, секретарь Съезда мировых судей |
|
| 210 |
_aЛохвица, Полт. губ. _cизд. тип. Б.Я. Пунянской _d1917 |
||
| 215 |
_a45 с., из них 1 с. на обл. _d25 |
||
| 532 | 1 | 3 | _aПостановление Временного правительства о волостном земском управлении |
| 700 | 1 |
_aЗаверуха _bП.Ф. _4220 |
|
| 801 | 0 |
_aRU _bNLR _gpsbo |
|
| 801 | 0 |
_aRU _bRuMoRGB _2psbo |
|
| 801 | 1 |
_aRU _bProSoft-M _2rusmarc |
|
| 852 |
_aNLR _j34.102.5.62 |
||
| 899 |
_aRuMoRGB _jO 10/793 |
||
| 899 | _aНБ МГУ | ||
| 942 | _cBOOK | ||
| 980 | _aNB | ||